Congressional roll call.

Bibliographic Details
Corporate Author: Congressional Quarterly, inc
Format: Serial
Language:English
Published: Washington : Congressional Quarterly, Inc.
Subjects:
Online Availability: Check for online availability

MARC

Tag First Indicator Second Indicator Subfields
LEADER 00000cas a2200000 4500
001 in00000059662
005 20190530111059.0
008 750823d19uu2013dcuar 0 a0eng d
010 |a  72077849  
022 0 |a 0191-1473 
035 |a (OCoLC)01564783 
035 |9 AAG1441AM 
040 |a MUL  |c MUL  |d COO  |d DLC  |d NSD  |d DLC  |d NST  |d TXA  |d UtOrBLW 
042 |a lc  |a nsdp 
043 |a n-us--- 
049 |a TXAE 
050 0 0 |a JK1  |b .C6635 
110 2 |a Congressional Quarterly, inc. 
222 0 |a Congressional roll call 
245 1 0 |a Congressional roll call. 
264 1 |a Washington :  |b Congressional Quarterly, Inc. 
300 |a volumes :  |b illustrations ;  |c 28 cm. 
310 |a Annual 
336 |a text  |b txt  |2 rdacontent 
337 |a unmediated  |b n  |2 rdamedia 
338 |a volume  |b nc  |2 rdacarrier 
362 1 |a Ceased with 2013? 
500 |a "A chronology and analysis of votes in the House and Senate." 
610 1 0 |a United States.  |b Congress  |v Periodicals. 
650 0 |a Legislation  |z United States  |v Periodicals. 
999 |a MARS 
949 |a updated  |b h  |c 2016/4/5  |e coplinger  |f 1:15:18 pm 
999 f f |s 357110e7-d345-31f1-90cd-a160153becd0  |i b7bf1203-51f2-3c08-9f40-80e2a7522843  |t 0 
952 f f |p ric  |a Texas A&M University  |b Rellis Campus  |c Joint Library Facility  |d Remote Storage  |t 0  |e JK1 .C6635  |h Library of Congress classification  |i unmediated -- volume  |k 1977  |m A14836045637 
952 f f |p ric  |a Texas A&M University  |b Rellis Campus  |c Joint Library Facility  |d Remote Storage  |t 0  |e JK1 .C6635  |h Library of Congress classification  |i unmediated -- volume  |k 2010  |m A14841174873 
952 f f |p ric  |a Texas A&M University  |b Rellis Campus  |c Joint Library Facility  |d Remote Storage  |t 0  |e JK1 .C6635  |h Library of Congress classification  |i unmediated -- volume  |k 1997  |m A14823455297 
952 f f |p ric  |a Texas A&M University  |b Rellis Campus  |c Joint Library Facility  |d Remote Storage  |t 0  |e JK1 .C6635  |h Library of Congress classification  |i unmediated -- volume  |k 2006  |m A14834017353 
952 f f |p ric  |a Texas A&M University  |b Rellis Campus  |c Joint Library Facility  |d Remote Storage  |t 0  |e JK1 .C6635  |h Library of Congress classification  |i unmediated -- volume  |k 2000  |m A14827225571 
952 f f |p ric  |a Texas A&M University  |b Rellis Campus  |c Joint Library Facility  |d Remote Storage  |t 0  |e JK1 .C6635  |h Library of Congress classification  |i unmediated -- volume  |k 1987  |m A14811250623 
952 f f |p ric  |a Texas A&M University  |b Rellis Campus  |c Joint Library Facility  |d Remote Storage  |t 0  |e JK1 .C6635  |h Library of Congress classification  |i unmediated -- volume  |k 1984  |m A14808415921 
952 f f |p ric  |a Texas A&M University  |b Rellis Campus  |c Joint Library Facility  |d Remote Storage  |t 0  |e JK1 .C6635  |h Library of Congress classification  |i unmediated -- volume  |k 1992  |m A14817353607 
952 f f |p ric  |a Texas A&M University  |b Rellis Campus  |c Joint Library Facility  |d Remote Storage  |t 0  |e JK1 .C6635  |h Library of Congress classification  |i unmediated -- volume  |k 2013  |m A14842608813 
952 f f |p ric  |a Texas A&M University  |b Rellis Campus  |c Joint Library Facility  |d Remote Storage  |t 0  |e JK1 .C6635  |h Library of Congress classification  |i unmediated -- volume  |k 1983  |m A14807942195 
952 f f |p ric  |a Texas A&M University  |b Rellis Campus  |c Joint Library Facility  |d Remote Storage  |t 0  |e JK1 .C6635  |h Library of Congress classification  |i unmediated -- volume  |k 2003  |m A14831881541 
952 f f |p ric  |a Texas A&M University  |b Rellis Campus  |c Joint Library Facility  |d Remote Storage  |t 0  |e JK1 .C6635  |h Library of Congress classification  |i unmediated -- volume  |k 1995  |m A14820194274 
952 f f |p ric  |a Texas A&M University  |b Rellis Campus  |c Joint Library Facility  |d Remote Storage  |t 0  |e JK1 .C6635  |h Library of Congress classification  |i unmediated -- volume  |k 2009  |m A14839130978 
952 f f |p ric  |a Texas A&M University  |b Rellis Campus  |c Joint Library Facility  |d Remote Storage  |t 0  |e JK1 .C6635  |h Library of Congress classification  |i unmediated -- volume  |k 1999  |m A14826066136 
952 f f |p ric  |a Texas A&M University  |b Rellis Campus  |c Joint Library Facility  |d Remote Storage  |t 0  |e JK1 .C6635  |h Library of Congress classification  |i unmediated -- volume  |k 2011  |m A14841666278 
952 f f |p ric  |a Texas A&M University  |b Rellis Campus  |c Joint Library Facility  |d Remote Storage  |t 0  |e JK1 .C6635  |h Library of Congress classification  |i unmediated -- volume  |k 1982  |m A14836045598 
952 f f |p ric  |a Texas A&M University  |b Rellis Campus  |c Joint Library Facility  |d Remote Storage  |t 0  |e JK1 .C6635  |h Library of Congress classification  |i unmediated -- volume  |k 2008  |m A14837483066 
952 f f |p ric  |a Texas A&M University  |b Rellis Campus  |c Joint Library Facility  |d Remote Storage  |t 0  |e JK1 .C6635  |h Library of Congress classification  |i unmediated -- volume  |k 1993  |m A14818040540 
952 f f |p ric  |a Texas A&M University  |b Rellis Campus  |c Joint Library Facility  |d Remote Storage  |t 0  |e JK1 .C6635  |h Library of Congress classification  |i unmediated -- volume  |k 2002  |m A14830329041 
952 f f |p ric  |a Texas A&M University  |b Rellis Campus  |c Joint Library Facility  |d Remote Storage  |t 0  |e JK1 .C6635  |h Library of Congress classification  |i unmediated -- volume  |k 1998  |m A14825723183 
952 f f |p ric  |a Texas A&M University  |b Rellis Campus  |c Joint Library Facility  |d Remote Storage  |t 0  |e JK1 .C6635  |h Library of Congress classification  |i unmediated -- volume  |k 2007  |m A14837273097 
952 f f |p ric  |a Texas A&M University  |b Rellis Campus  |c Joint Library Facility  |d Remote Storage  |t 0  |e JK1 .C6635  |h Library of Congress classification  |i unmediated -- volume  |k 1986  |m A14810061827 
952 f f |p ric  |a Texas A&M University  |b Rellis Campus  |c Joint Library Facility  |d Remote Storage  |t 0  |e JK1 .C6635  |h Library of Congress classification  |i unmediated -- volume  |k 1990  |m A14815126517 
952 f f |p ric  |a Texas A&M University  |b Rellis Campus  |c Joint Library Facility  |d Remote Storage  |t 0  |e JK1 .C6635  |h Library of Congress classification  |i unmediated -- volume  |k 2012  |m A14841835920 
952 f f |p ric  |a Texas A&M University  |b Rellis Campus  |c Joint Library Facility  |d Remote Storage  |t 0  |e JK1 .C6635  |h Library of Congress classification  |i unmediated -- volume  |k 2004  |m A14831442698 
952 f f |p ric  |a Texas A&M University  |b Rellis Campus  |c Joint Library Facility  |d Remote Storage  |t 0  |e JK1 .C6635  |h Library of Congress classification  |i unmediated -- volume  |k 2001  |m A14828638345 
952 f f |p ric  |a Texas A&M University  |b Rellis Campus  |c Joint Library Facility  |d Remote Storage  |t 0  |e JK1 .C6635  |h Library of Congress classification  |i unmediated -- volume  |k 1989  |m A14814716246 
952 f f |p ric  |a Texas A&M University  |b Rellis Campus  |c Joint Library Facility  |d Remote Storage  |t 0  |e JK1 .C6635  |h Library of Congress classification  |i unmediated -- volume  |k 1991  |m A14815615427 
952 f f |p ric  |a Texas A&M University  |b Rellis Campus  |c Joint Library Facility  |d Remote Storage  |t 0  |e JK1 .C6635  |h Library of Congress classification  |i unmediated -- volume  |k 1996  |m A14821388305 
952 f f |p ric  |a Texas A&M University  |b Rellis Campus  |c Joint Library Facility  |d Remote Storage  |t 0  |e JK1 .C6635  |h Library of Congress classification  |i unmediated -- volume  |k 2005  |m A14835161074 
952 f f |p ric  |a Texas A&M University  |b Rellis Campus  |c Joint Library Facility  |d Remote Storage  |t 0  |e JK1 .C6635  |h Library of Congress classification  |i unmediated -- volume  |k 1994  |m A14819100987 
952 f f |p ric  |a Texas A&M University  |b Rellis Campus  |c Joint Library Facility  |d Remote Storage  |t 0  |e JK1 .C6635  |h Library of Congress classification  |i unmediated -- volume  |k 1988  |m A14812307897 
998 f f |a JK1 .C6635  |s 1986-2013  |t 0  |l Remote Storage